Scence Analysis fo rthe Visually Impaired (SAVI) / (Record no. 536106)

000 -LEADER
fixed length control field 00657nam a22001697a 4500
020 ## - INTERNATIONAL STANDARD BOOK NUMBER
Qualifying information Hard Cover.
082 ## - DEWEY DECIMAL CLASSIFICATION NUMBER
Classification number 005
100 ## - MAIN ENTRY--PERSONAL NAME
Personal name Muhammad Ali, Mirza ; Mian Ithtisham Shah ; Muhammad Abdullah Wajahat
245 ## - TITLE STATEMENT
Title Scence Analysis fo rthe Visually Impaired (SAVI) /
Statement of responsibility, etc. Mirza Muhammad Ali ; Mian Ithtisham Shah ; Muhammad Abdullah Wajahat.
260 ## - PUBLICATION, DISTRIBUTION, ETC.
Place of publication, distribution, etc. Islamabad :
Name of publisher, distributor, etc. SEECS - NUST,
Date of publication, distribution, etc. 2018.
300 ## - PHYSICAL DESCRIPTION
Extent 34 p. : ill. ;
Dimensions 30cm.
650 ## - SUBJECT ADDED ENTRY--TOPICAL TERM
Topical term or geographic name entry element Computer Science-Project Report.
700 ## - ADDED ENTRY--PERSONAL NAME
Personal name Dr. Omer Arif.
856 ## - Uniform Resource Identifier
Uniform Resource Identifier <a href="http://10.250.8.41:8080/xmlui/handle/123456789/20514">http://10.250.8.41:8080/xmlui/handle/123456789/20514</a>
942 ## - ADDED ENTRY ELEMENTS (KOHA)
Source of classification or shelving scheme
Koha item type Project Report
700 ## - ADDED ENTRY--PERSONAL NAME
-- 30752
Holdings
Withdrawn status Lost status Source of classification or shelving scheme Damaged status Not for loan Permanent Location Current Location Shelving location Date acquired Full call number Barcode Date last seen Price effective from Koha item type
WITHDRAWN         Central Library (CL) Central Library (CL) Thesis 09/30/2020 005 CL-BP-251 09/30/2020 09/30/2020 Project Report
© 2023 Central Library, National University of Sciences and Technology. All Rights Reserved.